000 00425nam a2200169 i 4500
001 70653
003 ES-MaACL
005 20230906170859.0
007 t|
008 040729s1932 sp ||||1| spa d
100 1 _aGardó, José.
_955519
245 1 4 _aLos gráficos /
_cJosé Gardó.
250 _a2ª ed.
260 _aBarcelona :
_bEd. Cultura (
_fAtenas, A.G)
300 _a188 p. ;
_c25 cm.
852 _aES-MaACL
_jA-872
999 _c70653
_d70653